Statistics for Netherlands Country Quiz

Click here to take the quiz!

General Stats

  • This quiz has been taken 26,957 times
  • The average score is 15 of 24

Answer Stats

Hint Answer % Correct
Most populous citiesAmsterdam
99%
Bordering countriesBelgium
97%
Bordering countriesGermany
97%
Official languageDutch
96%
Painter of "The Starry Night"Vincent Van Gogh
86%
Flower whose prices caused a
"mania" in the 17th century
Tulip
85%
Most populous citiesRotterdam
85%
National sportSoccer
80%
Most famous beer brandHeineken
73%
Most populous citiesThe Hague
71%
Wooden shoeClog or Klomp
71%
Country that was once called
the Dutch East Indies
Indonesia
68%
National airlineKLM
62%
Most popular french fry toppingMayonnaise
61%
Painter of "The Night Watch"Rembrandt
60%
Major oil companyRoyal Dutch Shell
58%
Name for the heir to the thronePrince of {Orange}
55%
Type of embankment meant to keep
the water out
Dike
54%
Caribbean island shared
with France
Saint Martin
44%
Former currencyGuilder
38%
Current kingWillem-Alexander
36%
Largest bankING
30%
Term for a piece of reclaimed land
surrounded by the above
Polder
25%
Scientist who was the first to see
single-cell organisms
Antonie van
Leeuwenhoek
19%

Score Distribution

Percentile by Number Answered

Percent of People with Each Score

Your Score History

You have not taken this quiz